|
|
|
|
| LEADER |
00000nab a2200000 a 4500 |
| 001 |
vtls000253096 |
| 003 |
SK-MaSNL |
| 005 |
20260302221030.0 |
| 008 |
111130c1986 xo 0 slo |
| 015 |
|
|
|a SNBRB19rr/mm-uuuuu
|
| 035 |
|
|
|a CL0263210
|
| 040 |
|
|
|a SNKBUCL
|b slo
|c SNKBUCL
|e AACR2
|
| 041 |
0 |
|
|a slo
|
| 044 |
|
|
|a xo
|c SK
|
| 080 |
|
|
|a 338.1/.2:331.82
|2 1981
|
| 080 |
|
|
|a 331.82
|2 1981
|
| 080 |
|
|
|a 331.83
|2 1981
|
| 245 |
0 |
0 |
|a Presvedčenie a činy
|
| 650 |
0 |
7 |
|a rozvoj sociálno-ekonomický
|2 snkbucl
|9 514103
|
| 655 |
|
7 |
|a články z novín a časopisov
|2 snkbucl
|9 267496
|
| 773 |
0 |
|
|t Pravda
|g Roč. 67, č. 197 (22. 8. 1986), s. 1
|
| 850 |
|
|
|a Slovenská národná knižnica v Martine
|a MTA001
|
| 852 |
|
|
|a SNK
|b KIS3GCP
|
| 958 |
|
|
|a RK
|
| 992 |
|
|
|a RBX
|
| 999 |
|
|
|c 1509849
|d 1511779
|